00767nam a22001337a 450000500170000002000180001708200150003510000290005024501030007926000460018230000170022852003730024565000150061820260701160047.0 a9798892791946 a658.409HBR aHarvard Business Review. aHBR's 10 Must Reads 2026bThe Definitive Management Ideas of the Year from Harvard Business Review aHBRbHarvard Business Review Press,c2025 a208P.b23 cm aThis book will inspire you to eliminate dysfunction in your leadership team; apply the right kinds of questions to strategic decisions; bring everyone on board with your AI efforts; design innovative products that grow with your customers; better assess what macroeconomic risk means for your business; and build a corporate culture that truly aligns with your values. aLeadership